000 00824nam a22002537a 4500
999 _c34208
_d34208
001 3557
003 CO-MdFUSB
005 20180622073137.0
008 180313t19891992sp ||||| |||| 00| 0 spa d
020 _a84-301-1091-7
040 _aCO-MdFUSB
_bspa
_cCO-MdFUSB
_dCO-MdFUSBC
_erda
041 0 _aspa
_hger
082 0 4 _aG 227.1 W6671c
100 1 _aWilckens, Ulrich (1928-)
_eautor
245 1 3 _aLa Carta a los Romanos
_b : Rom 1-5
_c/ Ulrich Wilckens ; Víctor A. Martínez de Lapera, Traductor
264 4 _aSalamanca, España :
_bSígueme,
_c©1989,1992
300 _a1134 Pag
336 _2rdacontent
_atexto
_btxt
337 _2rdamedia
_asin mediación
_bn
338 _2rdacarrier
_avolumen
_bnc
500 _aTítulo original : Der Brief an die Römer
653 _aBiblia N.T. - Romanos - Comentarios
942 _cBK